Bu halk bunları unutur mu? (Record no. 5361)
[ view plain ]
| 000 -BAŞLIK | |
|---|---|
| Sabit Uzunlukta Kontrol Alanı | 00785na a2200265 4500 |
| 001 - KONTROL NUMARASI | |
| Denetim Alanı | 18359 |
| 003 - KONTROL NUMARASI IDENTIFIER | |
| Denetim Alanı | MIRAKIL |
| 005 - SON İŞLEM TARİHİ VE ZAMANI | |
| Denetim Alanı | 20181213155034.0 |
| 008 - SABİT-BOY VERİ ELEMANLARI - GENEL BİLGİLER | |
| Sabit Uzunlukta Kontrol Alanı | 161117b tu 000 0 |
| 035 ## - SİSTEM KONTROL NUMARASI | |
| Sistem Kontrol Numarası | 18359 |
| 040 ## - KATALOGLAMA KAYNAK | |
| Orijinal Kataloglama Ajansı | Milas |
| Kataloglama Dili | tur |
| Metne Dönüştürmek Ajansı | TR-AnCHP |
| 041 ## - DİL KODU | |
| Metin / Ses Parça Veya Ayrı Başlığın Dil Kodu | tur |
| 082 ## - DEWEY ONLU SINIFLANDIRMA NUMARASI | |
| Sınıflandırma Numarası | CHP 324.2172 |
| Ürün Numarası | B8 [t.y.] |
| 090 ## - SINIFLAMA NUMARASI | |
| Sınıflama Numarası | CHP 324.2172 B8 [t.y.] |
| 245 ## - BAŞLIK TABLOSU | |
| Başlık | Bu halk bunları unutur mu? |
| Sorumluluk Tablosu, Vb | CHP |
| 246 ## - UNVAN FORM VARYING | |
| Başlık Doğru / Kısa Başlığı | "Yalanım varsa namerdim" |
| 260 ## - YAYIN, DAĞITIM, VB | |
| Yayın, Dağıtım, Vb Yeri | Ankara |
| Yayıncı, Dağıtıcı, Vs Adı | CHP |
| Yayın, Dağıtım, Vb Tarihi | [t.y.] |
| 300 ## - FİZİKSEL TANIM | |
| Kapsam | 61 s. |
| Diğer Fiziksel Ayrıntıları | karikatür |
| Boyutlar | 21 sm. |
| 610 ## - KONU KATMA GİRİŞ - TOPLANTI ADI | |
| Giriş Elemanı Olarak Kurumsal Ad Veya Yargı Alanı Adı | Cumhuriyet Halk Partisi (CHP) |
| Genel Alt Bölüm | İktidar eleştirisi |
| 610 ## - KONU KATMA GİRİŞ - TOPLANTI ADI | |
| Giriş Elemanı Olarak Kurumsal Ad Veya Yargı Alanı Adı | Doğru Yol Partisi (DYP) |
| Genel Alt Bölüm | Eleştiriler |
| 610 ## - KONU KATMA GİRİŞ - TOPLANTI ADI | |
| Giriş Elemanı Olarak Kurumsal Ad Veya Yargı Alanı Adı | Refah Partisi (RP) |
| Genel Alt Bölüm | Eleştiriler |
| 710 ## - KATMA GİRİŞ - KURUMSAL ADI | |
| Giriş Elemanı Olarak Kurumsal Ad Veya Yargı Alanı Adı | Cumhuriyet Halk Partisi (CHP) |
| 740 ## - KATMA GİRİŞ - KONTROLSUZ İLGİLİ / ANALİTİK BAŞLIK | |
| Kontrol Edilmeyen / İlgili Analitik Başlıktaki | "Yalanım varsa namerdim" |
| 942 ## - EKLENDİ GİRİŞ ELEMANLARI (KOHA) | |
| Sınıflandırma Veya Raf Düzeni Kaynak | Dewey Decimal Classification |
| Koha Öğesi Türü | Books |
| 999 ## - SİSTEM KONTROL NUMARALARI (KOHA) | |
| Koha Biblionumber | 5361 |
| Koha Biblioitemnumber | 5361 |
| Kalıcı Konum | Mevcut Konum | Edinme Tarihi | Edinim Kaynak | Toplam Check-Out'Lar | Tam Çağrı Numarası | Barkod | Tarih Son Görülme | İtibaren Geçerli Fiyatlar | Koha Öğesi Türü | Kopya Sayısı |
|---|---|---|---|---|---|---|---|---|---|---|
| CHP Kütüphanesi | CHP Kütüphanesi | 11/17/2016 | Bağış | CHP 324.2172 B8 [t.y.] | 008717 | 11/17/2016 | 11/17/2016 | Books | ||
| CHP Kütüphanesi | CHP Kütüphanesi | 11/17/2016 | Bağış | CHP 324.2172 B8 [t.y.] | 008718 | 11/17/2016 | 11/17/2016 | Books | k.2 | |
| CHP Kütüphanesi | CHP Kütüphanesi | 11/17/2016 | Bağış | CHP 324.2172 B8 [t.y.] | 008719 | 11/17/2016 | 11/17/2016 | Books | k.3 | |
| CHP Kütüphanesi | CHP Kütüphanesi | 11/17/2016 | Bağış | CHP 324.2172 B8 [t.y.] | 008720 | 11/17/2016 | 11/17/2016 | Books | k.4 | |
| CHP Kütüphanesi | CHP Kütüphanesi | 11/17/2016 | Bağış | CHP 324.2172 B8 [t.y.] | 008721 | 11/17/2016 | 11/17/2016 | Books | k.5 |
